000
00290nam a22001337a 4500
008
181022b xxu||||| |||| 00| 0 eng d
020
_a
007000300
041
_a
eng
080
_a
616.8
100
_a
7
101
_a
NEU
245
_a
Principles of Neurology
_c
Adams, R.D
942
_2
udc
_c
BK
999
_c
50467
_d
50467